| 000 | 01100cam a2200313 i 4500 | ||
|---|---|---|---|
| 999 |
_c30605 _d30605 |
||
| 001 | 19168194 | ||
| 005 | 20191205113326.0 | ||
| 008 | 160708t20112011enk 000 pdeng c | ||
| 010 | _a 2016417135 | ||
| 020 | _a9781905233298 (pbk.) | ||
| 020 | _a1905233299 (pbk.) | ||
| 035 | _a(OCoLC)ocn829114126 | ||
| 040 |
_aGZM _beng _cGZM _erda _dCPL _dOCLCQ _dOCLCO _dPSC _dBUF _dOCLCF _dBUF _dNLE _dOCLCO _dYDXCP _dOVY _dBKL _dOCLCQ _dVP@ _dOCL _dDLC |
||
| 042 | _apcc | ||
| 050 | 0 | 0 |
_aPR6119.H518 _bA6 2011 |
| 100 | 1 |
_aShire, Warsan, _d1988- |
|
| 240 | 1 | 0 |
_aPoems. _kSelections |
| 245 | 1 | 0 |
_aTeaching my mother how to give birth / _cWarsan Shire. |
| 260 |
_aLondon : _bMouthmark, _c©2011 |
||
| 300 |
_a34 pages ; _c22 cm. |
||
| 490 | 1 |
_aMouthmark series ; _vno. 10 |
|
| 650 |
_aEnglish poetry _y21st century. |
||
| 650 | _aSomali poetry | ||
| 650 |
_aMothers _xPoetry. |
||
| 830 | 0 |
_aMouthmark series ; _vno. 10. |
|
| 906 |
_a7 _bcbc _cpccadap _d3 _encip _f20 _gy-gencatlg |
||
| 942 |
_2lcc _cAFRICANA _hPR6119.H518A6 2011 |
||